|
|
|
|
| LEADER |
00693nam a22002051a 4500 |
| 020 |
|
|
|a 9780415255363
|c 0.00
|
| 040 |
|
|
|a SSUS - Library - Kalady
|
| 082 |
|
|
|a 401.41
|b JON/P
|
| 100 |
|
|
|a Jonathan Culler
|
| 245 |
|
|
|a The pursuit of signs : semiotics, literature, deconstruction
|h [Text]
|
| 260 |
|
|
|a London
|b Routledge
|c 2001
|
| 300 |
|
|
|a 272p.
|
| 600 |
|
|
|a Deconstruction
|
| 600 |
|
|
|a Philosophy Language
|
| 600 |
|
|
|a Language
|
| 600 |
|
|
|a Semiotics
|
| 852 |
|
|
|h 401.41
|i JON/P
|p 057910
|9 4680.00
|t 0
|
| 942 |
|
|
|c BK
|
| 999 |
|
|
|c 36601
|d 36601
|
| 952 |
|
|
|0 0
|1 0
|4 0
|6 401_410000000000000_JON_P
|7 0
|9 52911
|a SSUS
|b SSUS
|d 2015-01-08
|g 4680.00
|l 2
|o 401.41 JON/P
|p 057910
|r 2017-01-19
|s 2015-12-30
|v 0.00
|w 2015-01-08
|y BK
|